Flag Quiz - Provinces of Andalusia - Statistics

General Stats
  • This quiz has been taken 69 times
  • The average score is 7 of 8
Answer Stats
Picture Answer % Correct
Seville
95%
Córdoba
93%
Cádiz
91%
Granada
91%
Málaga
91%
Huelva
88%
Jaén
88%
Almería
86%
No matching quizzes found
Score Distribution
Percent of People with Each Score
Percentile by Number Answered
Your Score History
You have not taken this quiz